Ecuador Country Quiz - Statistics

General Stats
  • This quiz has been taken 1,696 times
    1,608 since last reset
  • The average score is 13 of 21
Answer Stats
Clue Answer % Correct
Official language Spanish
99%
Bordering countries Colombia
95%
Bordering countries Peru
95%
The country is named after this Equator
92%
Most populous cities Quito
91%
Ancient empire Ecuador was part of Inca
90%
Island chain in the Pacific Galapagos
86%
Range the above is in Andes
83%
Smaller version of a llama Alpaca
77%
Animal eaten as food and called "cuy" Guinea Pig
60%
Currency U.S. Dollar
60%
Most populous cities Guayaquil
56%
Most common indigenous language Quechua
54%
Bird on the flag Andean Condor
48%
Conquistador who conquered Ecuador Francisco Pizarro
48%
"WikiLeaks" founder who was arrested in 2019 Julian Assange
46%
Tallest mountain Chimborazo
28%
Most populous cities Cuenca
23%
World's largest active volcano Cotopaxi
18%
First president Juan José Flores
10%
National dish whose main ingredient is pieces of tripe Guatitas
6%
No matching quizzes found
Score Distribution
Percent of People with Each Score
Percentile by Number Answered
Your Score History
You have not taken this quiz since the last reset